[Event "Mittelfranken-chTB2b 1920"]
[Site "Mittelfranken"]
[Date "2020.02.16"]
[Round "6.4"]
[White "Korn, Lukas Alexander"]
[Black "Ahmadzadeh Razavi, Seyed Shaahin"]
[Result "0-1"]
[WhiteElo "1863"]
[BlackElo "1914"]
[PlyCount "76"]
[EventDate "2019.10.13"]
[EventType "team-tourn"]
[EventRounds "9"]
[EventCountry "GER"]
[SourceTitle "EXT 2023"]
[Source "ChessBase"]
[SourceDate "2022.10.05"]
[SourceVersion "1"]
[SourceVersionDate "2022.10.05"]
[SourceQuality "1"]
[WhiteTeam "Grossenseebach"]
[BlackTeam "Nuernberg NT IV"]
[WhiteTeamCountry "GER"]
[BlackTeamCountry "GER"]

1. d4 Nf6 2. Nc3 d5 3. Bf4 Bf5 4. f3 e6 5. g4 Bg6 6. h4 h5 7. g5 Nfd7 8. Nb5 Na6 9. e3 c6 10. Nd6+ Bxd6 11. Bxd6 Qb6 12. Ba3 e5 13. Kf2 Nb4 14. Bxb4 Qxb4 15. dxe5 Qxb2 16. Qd4 Qxc2+ 17. Ne2 0-0 18. Bh3 Nc5 19. Rh2 Rad8 20. Kg3 Qc4 21. Nf4 Kh7 22. Bf1 Qxd4 23. exd4 Ne6 24. Nxe6 fxe6 25. f4 Rf7 26. Rc1 Bf5 27. Be2 g6 28. Bf3 Rc7 29. Rb2 b6 30. Rb3 c5 31. Rbc3 c4 32. a3 b5 33. Ra1 a5 34. Kf2 b4 35. axb4 axb4 36. Re3 b3 37. Re2 c3 38. Rc1 b2 0-1

[Event "Landesliga U20 Nord 1314"]
[Site "Bayern"]
[Date "2014.01.25"]
[Round "5.2"]
[White "Siegl, Melina"]
[Black "Korn, Lukas Alexander"]
[Result "0-1"]
[WhiteElo "1958"]
[BlackElo "1734"]
[PlyCount "60"]
[EventDate "2013.11.16"]
[EventType "team-tourn"]
[EventRounds "7"]
[EventCountry "GER"]
[SourceTitle "EXT 2022"]
[Source "ChessBase"]
[SourceDate "2021.10.06"]
[SourceVersion "1"]
[SourceVersionDate "2021.10.06"]
[SourceQuality "1"]
[WhiteTeam "Nuernberg Sued SW U20"]
[BlackTeam "Grossenseebach U20"]
[WhiteTeamCountry "GER"]
[BlackTeamCountry "GER"]

1. e4 e5 2. Nf3 Nc6 3. Bc4 Bc5 4. c3 Nf6 5. d3 a6 6. Bb3 d6 7. h3 0-0 8. Nbd2 Ba7 9. Nf1 d5 10. Qe2 h6 11. g4 dxe4 12. dxe4 Nh7 13. Ng3 Be6 14. Bc2 b5 15. b3 b4 16. Nf5 bxc3 17. Ba3 Re8 18. h4 Nd4 19. N3xd4 exd4 20. Qd3 Nf6 21. 0-0-0 c5 22. e5 Qa5 23. Rdg1 Qxa3+ 24. Kd1 Bd5 25. g5 Be4 26. gxf6 Bxd3 27. Rxg7+ Kh8 28. Bxd3 Qb2 29. Rh7+ Kxh7 30. Nd6+ Kg8 0-1

[Event "Landesliga U20 Nord 1112"]
[Site "Bayern"]
[Date "2012.03.10"]
[Round "7.4"]
[White "Taeschner, Simon"]
[Black "Korn, Lukas Alexander"]
[Result "1/2-1/2"]
[WhiteElo "1518"]
[BlackElo "1497"]
[PlyCount "95"]
[EventDate "2011.11.12"]
[EventType "team-tourn"]
[EventRounds "7"]
[EventCountry "GER"]
[SourceTitle "EXT 2022"]
[Source "ChessBase"]
[SourceDate "2021.10.06"]
[SourceVersion "1"]
[SourceVersionDate "2021.10.06"]
[SourceQuality "1"]
[WhiteTeam "Amberg SGS U20"]
[BlackTeam "Grossenseebach U20"]
[WhiteTeamCountry "GER"]
[BlackTeamCountry "GER"]

1. e4 e5 2. Nf3 Nc6 3. Bc4 Bc5 4. b4 Bxb4 5. c3 Bc5 6. d4 exd4 7. 0-0 Nf6 8. cxd4 Bb6 9. Ba3 d6 10. e5 dxe5 11. Qb3 Qd7 12. Nxe5 Nxe5 13. dxe5 Ne4 14. Bb2 0-0 15. Qf3 Qf5 16. Qxf5 Bxf5 17. Bd3 Nxf2 18. Bxf5 Nd3+ 19. Kh1 Nxb2 20. Nd2 Rad8 21. Nf3 Nc4 22. Rfe1 Ne3 23. Be4 c6 24. Rab1 Nd5 25. Rb3 Rfe8 26. Ng5 h6 27. Nf3 Re7 28. Bf5 Rde8 29. Rb2 Ne3 30. Bh3 Nc4 31. Rbe2 Bc7 32. e6 Kf8 33. Nh4 Ne5 34. Rxe5 Bxe5 35. Rxe5 g5 36. Nf3 fxe6 37. Nd4 Kf7 38. Bg4 Kf6 39. Re1 c5 40. Nc2 b6 41. Ne3 Rd8 42. Rf1+ Kg7 43. Re1 Rdd7 44. g3 Rc7 45. Be2 Rf7 46. Bc4 Rce7 47. Ng4 h5 48. Ne5 1/2-1/2

[Event "Landesliga U20 Nord 1112"]
[Site "Bayern"]
[Date "2011.12.03"]
[Round "2.4"]
[White "Korn, Lukas Alexander"]
[Black "Moenius, Alexander"]
[Result "1/2-1/2"]
[WhiteElo "1497"]
[BlackElo "1547"]
[PlyCount "90"]
[EventDate "2011.11.12"]
[EventType "team-tourn"]
[EventRounds "7"]
[EventCountry "GER"]
[SourceTitle "EXT 2022"]
[Source "ChessBase"]
[SourceDate "2021.10.06"]
[SourceVersion "1"]
[SourceVersionDate "2021.10.06"]
[SourceQuality "1"]
[WhiteTeam "Grossenseebach U20"]
[BlackTeam "Hoechstadt SC U20"]
[WhiteTeamCountry "GER"]
[BlackTeamCountry "GER"]

1. e4 e5 2. Nf3 Nc6 3. Bc4 Bc5 4. c3 d6 5. d4 exd4 6. cxd4 Bb4+ 7. Bd2 Bxd2+ 8. Nbxd2 Bg4 9. h3 Bh5 10. Bb5 a6 11. Bxc6+ bxc6 12. Qc2 Qd7 13. Rc1 Ne7 14. 0-0 0-0 15. Rfe1 Ra7 16. Qb3 Qe6 17. d5 cxd5 18. exd5 Qd7 19. Qe3 Nc8 20. Qd4 Qb5 21. Nb3 Bxf3 22. gxf3 Nb6 23. Rcd1 Rb7 24. Kh2 Qc4 25. Re4 Qxd4 26. Rexd4 Re8 27. R1d2 g6 28. Na5 Rbb8 29. Nc4 Nxc4 30. Rxc4 Rb7 31. Rdc2 Re7 32. Rc6 Ra7 33. R6c4 Kg7 34. Re4 Rd7 35. Kg2 Rb7 36. Rec4 Kf6 37. Re4 Rb5 38. Rd2 Rb6 39. Rc2 Rb5 40. Rd2 Re7 41. b3 Re5 42. Rf4+ Rf5 43. Rfd4 Ke7 44. Re4+ Kd7 45. Red4 Rg5+ 1/2-1/2

[Event "Mittelfranken-chTB2a 1011"]
[Site "Germany"]
[Date "2010.09.26"]
[Round "1.5"]
[White "Derbsch, Rudolf"]
[Black "Korn, Lukas Alexander"]
[Result "0-1"]
[WhiteElo "1625"]
[BlackElo "1523"]
[PlyCount "42"]
[EventDate "2010.09.26"]
[EventType "team-tourn"]
[EventRounds "9"]
[EventCountry "GER"]
[SourceTitle "EXT 2012"]
[Source "ChessBase"]
[SourceDate "2011.11.24"]
[SourceVersion "1"]
[SourceVersionDate "2011.11.24"]
[SourceQuality "1"]
[WhiteTeam "Wilhermsdorf/Langenzenn"]
[BlackTeam "Grossenseebach"]
[WhiteTeamCountry "GER"]
[BlackTeamCountry "GER"]

1. e4 e5 2. Nf3 Nc6 3. Bb5 Bc5 4. 0-0 Nf6 5. c3 0-0 6. d4 exd4 7. cxd4 Bb6 8. Bg5 h6 9. Bh4 d6 10. Bxc6 bxc6 11. Qc2 Bg4 12. e5 Bxf3 13. exf6 g5 14. Bxg5 hxg5 15. Qf5 Bh5 16. Qxg5+ Bg6 17. Nd2 Bxd4 18. Ne4 Re8 19. Rfe1 d5 20. Ng3 Qxf6 21. Qd2 Bxb2 0-1

[Event "Mittelfranken-chTB2a 0809"]
[Site "Mittelfranken"]
[Date "2009.02.08"]
[Round "6.8"]
[White "Korn, Lukas Alexander"]
[Black "Peter, Uwe"]
[Result "1/2-1/2"]
[WhiteElo "1111"]
[BlackElo "1762"]
[PlyCount "59"]
[EventDate "2008.10.12"]
[EventType "team"]
[EventRounds "9"]
[EventCountry "GER"]
[SourceTitle "EXT 2011"]
[Source "ChessBase"]
[SourceDate "2010.11.26"]
[SourceVersion "1"]
[SourceVersionDate "2010.11.26"]
[SourceQuality "1"]
[WhiteTeam "Grossenseebach II"]
[BlackTeam "Erlangen Siemens"]
[WhiteTeamCountry "GER"]
[BlackTeamCountry "GER"]

1. e4 c5 2. Nf3 Nc6 3. d4 cxd4 4. Nxd4 e5 5. Nxc6 bxc6 6. Nc3 Nf6 7. Bg5 Bb4 8. Qf3 h6 9. Bxf6 Qxf6 10. Qxf6 Bxc3+ 11. bxc3 gxf6 12. Bd3 d5 13. exd5 cxd5 14. c4 Be6 15. cxd5 Bxd5 16. f3 Ke7 17. Kf2 Rhb8 18. Rab1 Bxa2 19. Rxb8 Rxb8 20. Ra1 Bd5 21. Rxa7+ Rb7 22. Rxb7+ Bxb7 23. Ke3 Ke6 24. g4 Bc6 25. h4 Kd6 26. f4 Bd7 27. g5 exf4+ 28. Kxf4 fxg5+ 29. hxg5 hxg5+ 30. Kxg5 1/2-1/2